1946 1237 1852 1078 1258 1554 1874 1919 1790 1989 1438 1646 1555 1631 1493 1678 1604 1866 1417 1492 1339 1364 1695 1646 1105 1983 1540 1335 1496 1943 1173 1429 1537 1233 1239 1630 1771 1792 1276 1950 1071 1927 1561 1706 1228 1046 1270 1178 1770 1762 1137 1587 1385 1374 1817 1044 1256 1499 1232 1874 1855 1862 1395 1933 1452 1173 1086 1498 1138 1134 1195 1843 1148 1268 1547 1842 1061 1527 1743 1622 1154 1785 1555 1713 1155 1649 1024 1803 1834 1554 1212 1783 1098 1731 1770 1036 1147 1164 1104 BCNSPRNW ULIB Ver.6.0+V

เปลี่ยนเป็นภาษาไทย

Change to English
 แสดงรายละเอียดบรรณานุกรม
  กลับหน้าหลัก

Brief Record : Get Marc (ISO 2709) : E-mail record : QR code < ปิดหน้าต่าง
LEADER : 00000nam 2200000uu 4500
001    13399123027
003     ULIB
008    020711s2539 th a 000 0 tha d
020    9748970825
099    นว.^bถ321ม
100    ถ่ายเถา สุจริตกุล
245    มงกุฎดอกส้ม /^cถ่ายเถา สุจริตกุล
250    พิมพ์ครั้งที่ 3
260    กรุงเทพฯ :^bวัลยา,^c2539
300    196 หน้า
945    ^p196^l0^i013052
รายการนี้ยังไม่มีแท็ก
คุณยังไม่ได้ล็อกอิน คุณสามารถมีกิจกรรมร่วมกับเว็บไซต์ได้ แต่ต้องล็อกอินก่อน ::
  ล็อกอิน

รายการสื่อสารสนเทศ

ลำดับที่ ประเภท เลขเรียก/บาร์โค้ด สถานที่ สถานะ
1. นวนิยาย
นวนิยาย
นว. ถ321ม ฉ.1 
  Barcode: 013052
ห้องสมุดวิทยาเขตสวรรค์ประชารักษ์
►นวนิยาย
บนชั้น
  ขอยืม

BibComment


ยังไม่เคยถูกคอมเมนท์

คอมเมนท์ทรัพยากรรายการนี้
  คอมเมนท์: มงกุฎดอกส้ม ถ่าย..


 Copyright 2026. Bcnsprnw @Library